Trivia Path Quiz Stats

 Plays Quiz Updated Jul 6, 2018

Score 0/16 Timer 01:30
9 Plays Today
Steps % Correct



↓ Your first step! ↓
100%



↓ Keep going! ↓
83%



↓ Nothing wrong with baby steps! ↓
82.9%



↓ No turning back now! ↓
77.8%



↓ One step at a time! Or two or three. ↓
72.9%



↓ Where does this path go? ↓
72.6%



↓ Almost halfway there! ↓
65%



↓ You've gone pretty far, eh? ↓
63.6%
Steps % Correct



↓ There's no 10 step question! ↓
60.3%



↓ Just passed the halfway point! ↓
58%



↓ Almost there! ↓
51.7%



↓ Just a few more steps! ↓
42%



↓ You're one giant step away! ↓
41.2%



↓ Tiptoe over that finish line! ↓
39%



↓ You can practically taste the end! ↓
37.4%


Congratulations!
31.9%

You're not logged in!

Compare scores with friends on all Sporcle quizzes.
OR
Log In

Sporcle TV

Today on Sporcle TV


Watch our educational content, quiz creation guides, and fun videos on Sporcle TV.

Show Comments

Extras

Top Quizzes Today


Score Distribution

Your Account Isn't Verified!

In order to create a playlist on Sporcle, you need to verify the email address you used during registration. Go to your Sporcle Settings to finish the process.

Report this User

Report this user for behavior that violates our Community Guidelines.

Details: